| 000 | 00843nam a22001937a 4500 | ||
|---|---|---|---|
| 005 | 20260109162131.0 | ||
| 010 | _aHIN-130742 | ||
| 020 |
_c895.00 _a9789393193834 |
||
| 035 | _aHN-103088 | ||
| 037 | _bDBAD | ||
| 082 |
_a305.4 _21 |
||
| 100 |
_aझरिया, दोयल बोस _986279 |
||
| 245 |
_aसंसद की शान हम स्त्री शक्तियां/ _cदोयल बोस झरिया |
||
| 250 | _a1 | ||
| 260 |
_bप्रभाकर प्रकाशन _c2023 _aदिल्ली |
||
| 270 |
_bदिल्ली _aप्लाट न.-55, मेन मदर डेरी रोड, पांडव नगर ईस्ट _e110092 _k011-40395855 _k8368220032 |
||
| 300 |
_a304पृ. _c22सेमी (सजिल्द) |
||
| 942 |
_2ddc _cHN _h305.4 _mझारिया |
||
| 999 |
_c214067 _d214067 |
||